Zonas húmedas del mediterráneo (Registro nro. 3592)

Detalles MARC
000 -CABECERA
Campo de control 00746nam a2200217 a 4500
005 - FECHA Y HORA DE LA ULTIMA TRANSACCION
Campo de control 20151221051404.0
008 - ELEMENTOS DE LONGITUD FIJA—INFORMACION GENERAL
Campo de control 140312b1998 ||||| |||| 00| 0 spa d
040 ## - FUENTE DE CATALOGACIÓN
Agencia catalogadora original CO-BoIAVH
Agencia transcriptora CO-BoIAVH
041 0# - IDIOMA
Código de idioma para texto/pista de sonido o título separado Español
082 04 - NUMERO DE CLASIFICACION DECIMAL DEWEY
Número de clasificación 333.918
Número del ítem Z87h
245 10 - MENCION DE TITULO
Título Zonas húmedas del mediterráneo
260 ## - PUBLICACION, DISTRIBUCION, ETC. (PIE DE IMPRENTA)
Lugar de publicación, distribución, etc. s.l.
Nombre del editor, distribuidor, etc. Birdlife International
Fecha de publicación, distribución, etc. 1998?
300 ## - DESCRIPCION FISICA
Extensión 19 páginas :
Otros detalles físicos ilustraciones, fotografías a color ;
Dimensiones 30 x 21 cm.
650 #6 - ASIENTO SECUNDARIO DE MATERIA - TERMINO TEMATICO
Término temático o nombre geográfico como elemento de entrada Humedales
Subdivisión geográfica Mediterráneo
9 (RLIN) 45093
650 #4 - ASIENTO SECUNDARIO DE MATERIA - TERMINO TEMATICO
Término temático o nombre geográfico como elemento de entrada Zonas humedas
Subdivisión geográfica Mediterráneo
9 (RLIN) 45094
650 #4 - ASIENTO SECUNDARIO DE MATERIA - TERMINO TEMATICO
Término temático o nombre geográfico como elemento de entrada Aves
Subdivisión general Áreas de conservación
Subdivisión geográfica Mediterráneo
9 (RLIN) 45095
700 1# - ASIENTO SECUNDARIO - NOMBRE PERSONAL
Nombre personal Salinas, Itxaso
Término de relación Textos
9 (RLIN) 20441
700 1# - ASIENTO SECUNDARIO - NOMBRE PERSONAL
Nombre personal Sánchez Mármol, Lino
Término de relación Textos
9 (RLIN) 20442
700 1# - ASIENTO SECUNDARIO - NOMBRE PERSONAL
Nombre personal Mejías, Rosa
Término de relación Textos
9 (RLIN) 20443
942 ## - ELEMENTOS ADICIONALES (KOHA)
Tipo de ítem Libro
Sistema de clasificación Dewey Decimal Classification
Existencias
Withdrawn status Lost status Sistema de Clasificación Damaged status No para préstamo Colección Inventariado Ubicación Permanente Ubicación actual Fecha de adquisición Fuente de Valor Valor Total Checkouts Número topográfico Inventario / Código de Barras Date last seen Ejemplar Price effective from Forma de adquisición Tipo de material
    Dewey Decimal Classification   Procesos Técnicos General Inventariado 2017 Bogotá Bogotá 26/01/2004 Instituto 39000.00   LB-333.918 Z87h 015259 04/12/2012 Ej. 1 04/12/2012   Libro